Guess the 1960s song lyrics #256 - Statistics

General Stats
  • This quiz has been taken 10 times
  • The average score is 214 of 283
Answer Stats
Answer % Correct
a
100%
love
100%
Love
100%
game
90%
is
90%
man
90%
of
90%
The
90%
the
90%
woman
90%
And
80%
come
80%
Come
80%
in
80%
It
80%
me
80%
on
80%
to
80%
baby
70%
Baby
70%
Eve
70%
for
70%
play
70%
Play
70%
So
70%
start
70%
When
70%
your
70%
you're
70%
Adam
60%
all
60%
La
60%
la
60%
Let's
60%
right
60%
time
60%
with
60%
Cause
50%
purpose
50%
said
50%
started
50%
ago
40%
Eden
40%
Garden
40%
long
40%
might
40%
Put
40%
arms
30%
around
30%
daddy
30%
Hold
30%
tight
30%
today
30%
Wayne Fontana
30%
Some
20%
No matching quizzes found
Score Distribution
Percent of People with Each Score
Percentile by Number Answered
Your Score History
You have not taken this quiz